Samskriti, bhasha aur sahitya/ (Record no. 59093)

000 -LEADER
fixed length control field 00415nam a22001577a 4500
020 ## - INTERNATIONAL STANDARD BOOK NUMBER
ISBN 9788181111173
082 ## - DEWEY DECIMAL CLASSIFICATION NUMBER
Classification number H4
Item number PRA/S
100 ## - MAIN ENTRY--AUTHOR NAME
Personal name Prabhakaran Hebbar Illath
245 ## - TITLE STATEMENT
Title Samskriti, bhasha aur sahitya/
Statement of responsibility, etc by Prabhakaran Hebbar Illath
260 ## - PUBLICATION, DISTRIBUTION, ETC. (IMPRINT)
Place of publication Madhura:
Name of publisher Jawahar Pusthakalay,
Year of publication 2009.
300 ## - PHYSICAL DESCRIPTION
Number of Pages 159p.
650 ## - SUBJECT ADDED ENTRY--TOPICAL TERM
Topical Term Essays Hindi
650 ## - SUBJECT ADDED ENTRY--TOPICAL TERM
Topical Term Literature Hindi
650 ## - SUBJECT ADDED ENTRY--TOPICAL TERM
Topical Term Literature
942 ## - ADDED ENTRY ELEMENTS (KOHA)
Koha item type Book
Holdings
Withdrawn status Lost status Damaged status Not for loan Permanent Location Current Location Shelving location Date acquired Cost, normal purchase price Full call number Accession Number Price effective from Koha item type
        Sree Sankaracharya University of Sanskrit Sree Sankaracharya University of Sanskrit Stacks 29.02.2016 250.00 H4 PRA/S 080530 29.02.2016 Book